01216 a2200181 4500003000500000005001700005010001700022020001500039040000900054082001800063100002100081245008800102250001200190260005500202300004500257505069800302650003401000Nust20221124125237.0 a 2002019608 a0130995940 cNust00a621.38132,FLO1 aFloyd, Thomas L.10aPrinciples of electric circuits :bconventional current version /cThomas L. Floyd. a7th ed. aUpper Saddle River, N.J. :bPrentice Hall,cc2003. axv, 992 p. :bill. (some col.) ;c29 cm. aComponents, Quantities and Units (Page-5), Voltage, Current and Resistance (Page-22), Ohm’s Law (Page-78), Energy And Power (Page-106), Series Circuits (Page-128), Parallel Circuits (Page-184), Series Parallel Circuits (Page-238), Circuits Theorems and Conversions (Page-294), Branch, Mesh and Node Analysis (Page-346), Magnetism and Electromagnetism (Page-378), Introduction to Alternating Current (Page-414), Phasors and Complex Numbers (Page-468), Capacitor (Page-498), Inductor (Page-556), RLC Circuits and Resonance (Page-758), Basic Filters (Page-812), Circuit Theorems in AC Analysis (Page-846), Pulse Response of Reactive Circuits (Page-882), Polyphase Systems in Power Applications  0aTelecommunication Engineering